| 000 | 00687nam a2200205Ia 4500 | ||
|---|---|---|---|
| 005 | 20241129105939.0 | ||
| 008 | 241129s9999||||xx |||||||||||||| ||und|| | ||
| 037 | _aTB | ||
| 040 |
_aARTS _bhin _cARTS |
||
| 041 |
_ahin _2hin |
||
| 084 |
_aS:65 152R2 _qARTS |
||
| 100 | _aबघेल, संजय सिंह ले. | ||
| 245 | 0 |
_aउड़ान: आसमॉं से आगे _cबघेल, संजय सिंह ले. |
|
| 260 |
_aनई दिल्ली, भारत _bवाणी प्रकाशन _c2022 |
||
| 300 | _a312पृ0 | ||
| 365 |
_aINR _b499 |
||
| 650 |
_aPshychology _9726681 |
||
| 942 |
_cTB _hS:65 152R2 |
||
| 999 |
_c1226713 _d1226713 |
||